Größte Orte im Kreis Nordfriesland - Statistiken

Allgemein
  • Dieses Quiz wurde 56 mal gespielt
  • Das Durchschnittsergebnis liegt bei 8 aus 15
Antwortstatistiken
Einwohnerzahl Ort % Korrekt
23.814 Husum
94%
10.159 Niebüll
85%
13.679 Sylt
69%
5.826 Bredstedt
60%
3.877 Sankt Peter-Ording
56%
2.544 Friedrichstadt
54%
4.355 Wyk auf Föhr
52%
7.837 Leck
48%
4.940 Tönning
46%
2.368 Süderlügum
44%
2.814 Garding
42%
3.387 Langenhorn
42%
2.654 Hattstedt
33%
3.918 Risum-Lindholm
33%
3.925 Mildstedt
29%
Keine übereinstimmenden Quizze gefunden
Verteilung der Resultate
Anzahl Personen mit jedem Resultat
Perzentil nach korrekt beantworteten Fragen
Ihre Resultats-Entwicklung
Sie haben dieses Quiz noch nicht gespielt